Complete the Card - AEW All Out 2019 - Statistics

General Stats
  • This quiz has been taken 613 times
  • The average score is 21 of 30
Answer Stats
Answer % Correct
Chris Jericho
98%
Adam Page
93%
Matt Jackson
92%
Nick Jackson
92%
Kenny Omega
87%
Fenix
85%
Pentagon Jr.
83%
Riho
81%
Cody
80%
Nyla Rose
78%
Darby Allin
76%
Pac
75%
Scorpio Sky
75%
Frankie Kazarian
74%
Christopher Daniels
73%
Isiah Kassidy
65%
Jungle Boy
64%
Luchasaurus
62%
Marq Quen
61%
Hikaru Shida
60%
Joey Janela
60%
Marko Stunt
59%
Evil Uno
58%
Stu Grayson
57%
Chuck Taylor
56%
Jimmy Havoc
55%
Trent Beretta
55%
Shawn Spears
54%
Jack Evans
41%
Angelico
40%
No matching quizzes found
Score Distribution
Percent of People with Each Score
Percentile by Number Answered
Your Score History
You have not taken this quiz